000 00627nam a22002177a 4500
003 UA-OsUOA
001 94591
007 ta
008 20130214b un ||||| |||| 00| 0 ukr d
090 _a821.161.1
_bД56
942 _cBK
040 _aUA-OsUOA
_brus
_cUA-OsUOA
_dUA-OsUOA
245 _aДобролюбов Н. А. в воспоминаниях современников
_cсост. Е. Рейсера
300 _a487 с.
955 _a3
041 _arus
080 _a821.161.1
260 _aМ.
_bГИХЛ
_c1961
650 7 _a82 Література. Літературознавство
_2UDC
999 _c380837
_d380837